Factores de riesgo psicosociales intralaborales en docentes de una institución universitaria en Cartagena (Colombia) 2022 / (Registro nro. 4094)

Detalles MARC
000 -LEADER
fixed length control field 01746nam a2200301 i 4500
005 - DATE AND TIME OF LATEST TRANSACTION
control field 20250329165435.0
007 - PHYSICAL DESCRIPTION FIXED FIELD--GENERAL INFORMATION
fixed length control field ta
008 - FIXED-LENGTH DATA ELEMENTS--GENERAL INFORMATION
fixed length control field 190415s2022 000 0 eng d
040 ## - CATALOGING SOURCE
Original cataloging agency CO-CtgCURN
Language of cataloging spa
Transcribing agency coctgcurn
Description conventions rda
082 0# - DEWEY DECIMAL CLASSIFICATION NUMBER
Classification number ENF 2022
Item number M842
100 1# - MAIN ENTRY--PERSONAL NAME
Personal name Morelo Mendoza, Ana Cristina,
Relator term author.
Relationship aut
245 10 - TITLE STATEMENT
Title Factores de riesgo psicosociales intralaborales en docentes de una institución universitaria en Cartagena (Colombia) 2022 /
Statement of responsibility, etc. Ana Cristina Morelo Mendoza; Keyla Marcela Rojano Zúñiga; Melissa Salas Núñez; Directoras Zorayda Barrios Puerta; Magda Esperanza Sanabria Artunduaga.
260 ## - PUBLICATION, DISTRIBUTION, ETC.
Place of publication, distribution, etc. Cartagena de Indias :
Name of publisher, distributor, etc. Corporación Universitaria Rafael Núñez,
Date of publication, distribution, etc. 2022.
300 ## - PHYSICAL DESCRIPTION
Extent 140 hojas.
336 ## - CONTENT TYPE
Content type term text
Content type code txt
Source rdacontent
337 ## - MEDIA TYPE
Media type term unmediated
Media type code n
Source rdamedia
338 ## - CARRIER TYPE
Carrier type term volume
Carrier type code nc
Source rdacarrier
504 ## - BIBLIOGRAPHY, ETC. NOTE
Bibliography, etc. note Trabajo de grado (Enfermera). Corporación Universitaria Rafael Nuñez. Facultad de Ciencias de la Salud. Programa de Enfermería, 2022.
520 ## - SUMMARY, ETC.
Summary, etc. "Los riesgos psicosociales representan un problema de salud pblica que afecta significativamente la salud de los trabajadores, por tanto, deben ser identificados, caracterizados y analizados."
650 #0 - SUBJECT ADDED ENTRY--TOPICAL TERM
Topical term or geographic name entry element Enfermería
Form subdivision Tesis y disertaciones academicas.
700 1# - ADDED ENTRY--PERSONAL NAME
Personal name Rojano Zúñiga, Keyla Marcela.
700 1# - ADDED ENTRY--PERSONAL NAME
Personal name Salas Núñez, Melissa.
700 1# - ADDED ENTRY--PERSONAL NAME
Personal name Barrios Puerta, Zorayda,
Relator term directora.
700 1# - ADDED ENTRY--PERSONAL NAME
Personal name Sanabria Artunduaga, Magda Esperanza,
Relator term directora.
856 ## - ELECTRONIC LOCATION AND ACCESS
Uniform Resource Identifier <a href="https://unicurn.sharepoint.com/:b:/s/biblioteca/ETh8LbwQFXBLhQ9pKdi1_88BXlFopQhN9fmf7akwnkGhWQ?e=ZudeN0">https://unicurn.sharepoint.com/:b:/s/biblioteca/ETh8LbwQFXBLhQ9pKdi1_88BXlFopQhN9fmf7akwnkGhWQ?e=ZudeN0</a>
Public note Click aqui para ver el recurso en texto completo
942 ## - ADDED ENTRY ELEMENTS (KOHA)
Source of classification or shelving scheme Dewey Decimal Classification
Koha item type Trabajos de grado
Classification part ENF 2022
Item part M842
Existencias
Withdrawn status Lost status Source of classification or shelving scheme Damaged status Not for loan Collection Home library Current library Shelving location Date acquired Source of acquisition Cost, normal purchase price Total checkouts Full call number Barcode Date last seen Price effective from Koha item type
    Dewey Decimal Classification     Trabajos de grado Miguel Henríquez Emiliani Miguel Henríquez Emiliani Trabajo de grado 06/01/2019 El autor 350000.00   ENF 2022 M842 021781 07/08/2022 07/08/2022 Trabajos de grado